书目信息 |
| 题名: |
社会主义市场经济讲座
|
|
| 作者: | 王东进 主编 | |
| 分册: | ||
| 出版信息: | 石家庄 河北人民出版社 1994 |
|
| 页数: | 370页 | |
| 开本: | 20cm | |
| 丛书名: | ||
| 单 册: | ||
| 中图分类: | F045.5 | |
| 科图分类: | 27.2765 | |
| 主题词: | 社会主义经济:市场经济--讲座 , 市场经济:社会主义经济--讲座 | |
| 电子资源: | ||
| ISBN: | 7-202-01589-7 | |
| 000 | 00663nam0 2200229 45 | |
| 001 | 0196102969 | |
| 005 | 20070708084237.67 | |
| 010 | @a7-202-01589-7@dCNY9.80 | |
| 100 | @a19960729d1994 em y0chiy0120 ea | |
| 101 | 0 | @achi |
| 102 | @aCN@b130000 | |
| 105 | @ay z 000yy | |
| 200 | 10 | @a社会主义市场经济讲座@Ashe hui zhu yi shi chang jing ji jiang zuo@f王东进主编 |
| 210 | @a石家庄@c河北人民出版社@d1994 | |
| 215 | @a370页@d20cm | |
| 606 | @a社会主义经济:市场经济@x讲座 | |
| 606 | @a市场经济:社会主义经济@x讲座 | |
| 690 | @aF045.5@v3 | |
| 692 | @a27.2765@v2 | |
| 701 | 0 | @a王东进@Awang dong jin@4主编 |
| 801 | 0 | @aCN@bTSSF@c20070708 |
| 905 | @a10447@dF045.5@e73 | |
| 社会主义市场经济讲座/王东进主编.-石家庄:河北人民出版社,1994 |
| 370页;20cm |
| ISBN 7-202-01589-7:CNY9.80 |
| ● |
| 相关链接 |
|
|
|
|
正题名:社会主义市场经济讲座
索取号:F045.5/73
 
预约/预借
| 序号 | 登录号 | 条形码 | 馆藏地/架位号 | 状态 | 备注 |
| 1 | 0765779 | 207657793 | 第一样本阅览室/ [索取号:F045.5/73] | 在馆 |